Contemporary physical distribution
Gespeichert in:
| 1. Verfasser: | |
|---|---|
| Weitere Verfasser: | |
| Format: | Buch |
| Sprache: | Englisch |
| Veröffentlicht: |
Tulsa
PPC Books
1977
|
| Schriftenreihe: | <The> PPC marketing series
|
| Schlagworte: | |
| Tags: |
Keine Tags, Fügen Sie das erste Tag hinzu!
|
MARC
| LEADER | 00000nam a2200000 4500 | ||
|---|---|---|---|
| 001 | c101968 | ||
| 005 | 20221123135205.0 | ||
| 020 | |a 0-87814-025-5 | ||
| 041 | 0 | |a eng | |
| 044 | |a us | ||
| 245 | 1 | 0 | |a Contemporary physical distribution |c James C. Johnson, Donald F. Wood |
| 264 | 1 | |a Tulsa |b PPC Books |c 1977 | |
| 300 | |a 560 s. | ||
| 490 | 1 | |a <The> PPC marketing series | |
| 830 | 0 | |a <The> PPC marketing series | |
| 610 | 2 | 0 | |a distribúcia |
| 610 | 2 | 0 | |a firmy |
| 610 | 2 | 0 | |a zákazníci |
| 610 | 2 | 0 | |a preprava |
| 610 | 2 | 0 | |a skladovanie |
| 610 | 2 | 0 | |a manažment |
| 610 | 2 | 0 | |a náklady |
| 610 | 2 | 0 | |a organizácia |
| 610 | 2 | 0 | |a kanály distribučné |
| 610 | 2 | 0 | |a odbyt |
| 100 | 1 | |a Johnson, James C. | |
| 700 | 1 | |a Wood, Donald F. | |